Guess the 1970s song lyrics #306 - Statistics

General Stats
  • This quiz has been taken 9 times
  • The average score is 311 of 416
Answer Stats
Answer % Correct
and
100%
And
100%
My
100%
my
100%
Oh
100%
oh
100%
baby
86%
Baby
86%
But
86%
can
86%
Can't
86%
can't
86%
do
86%
don't
86%
enough
86%
every
86%
Every
86%
for
86%
get
86%
give
86%
good
86%
got
86%
how
86%
How
86%
I
86%
if
86%
in
86%
is
86%
Is
86%
It
86%
it
86%
it's
86%
It's
86%
just
86%
kind
86%
know
86%
love
86%
me
86%
No
86%
no
86%
not
86%
of
86%
or
86%
so
86%
some
86%
the
86%
to
86%
To
86%
Too
86%
why
86%
yeah
86%
you
86%
your
86%
about
71%
all
71%
All
71%
am
71%
anything
71%
babe
71%
darling
71%
Darling
71%
feel
71%
given
71%
givin
71%
gonna
71%
heard
71%
here
71%
I've
71%
matter
71%
more
71%
More
71%
much
71%
say
71%
should
71%
that
71%
that's
71%
this
71%
time
71%
try
71%
want
71%
What
71%
what
71%
when
71%
you're
71%
youre
71%
Ah
57%
because
57%
Because
57%
doin
57%
each
57%
everything
57%
feelin
57%
kiss
57%
lie
57%
loving
57%
made
57%
need
57%
only
57%
people
57%
same
57%
see
57%
Somethin
57%
take
57%
things
57%
well
57%
we've
57%
We've
57%
As
43%
as
43%
could
43%
Girl
43%
life
43%
like
43%
make
43%
many
43%
mind
43%
shared
43%
sweet
43%
Tell
43%
than
43%
There's
43%
times
43%
used
43%
You've
43%
believe
29%
doesn't
29%
keep
29%
Look
29%
loved
29%
name
29%
old
29%
seem
29%
understand
29%
blowin
14%
didn't
14%
find
14%
moves
14%
rest
14%
scream
14%
stand
14%
still
14%
unreal
14%
change
0%
explan
0%
No matching quizzes found
Score Distribution
Percent of People with Each Score
Percentile by Number Answered
Your Score History
You have not taken this quiz